Fußball: Vereine nach Trainern - #2 - Statistiken

Allgemein
  • Dieses Quiz wurde 208 mal gespielt
  • Das Durchschnittsergebnis liegt bei 9 aus 10
Antwortstatistiken
Trainer Verein % Korrekt
Heiko Herrlich Peter Bosz Hannes Wolf Gerardo Seoane Xabi Alonso Bayer 04 Leverkusen
98%
Jose Mourinho Ole Gunnar Solskjær Michael Carrick Ralf Rangnick Erik ten Hag Manchester United
95%
Ralf Rangnick Julian Nagelsmann Jesse Marsch Domenico Tedesco Marco Rose RB Leipzig
95%
Pat Rice Arsene Wenger Unai Emery Freddie Ljungberg Mikel Arteta FC Arsenal
94%
Tim Walter Pellegrino Matarazzo Michael Wimmer Bruno Labbadia Sebastian Hoeneß VfB Stuttgart
94%
Javier Aguirre Abel Resino Quique Sanchez Gregorio Manzano Diego Simeone Atletico Madrid
92%
Thomas Tuchel Graham Potter Frank Lampard Mauricio Pochettino Enzo Maresca FC Chelsea
91%
Eusebio Di Francesco Claudio Ranieri Paulo Fonseca Jose Mourinho Daniele De Rossi AS Rom
87%
Stefano Pioli Stefano Vecchi Luciano Spalletti Antonio Conte Simone Inzaghi Inter Mailand
87%
Rui Vitoria Bruno Lage Jorge Jesus Nelson Verissimo Roger Schmidt Benfica Lissabon
79%
Keine übereinstimmenden Quizze gefunden
Verteilung der Resultate
Anzahl Personen mit jedem Resultat
Perzentil nach korrekt beantworteten Fragen
Ihre Resultats-Entwicklung
Sie haben dieses Quiz noch nicht gespielt